书目信息 |
| 题名: |
固体的光学性质
|
|
| 作者: | 福克斯 著 | |
| 分册: | ||
| 出版信息: | 北京 科学出版社 2009.01 |
|
| 页数: | xiv, 305页 | |
| 开本: | 26cm | |
| 丛书名: | 牛津大学研究生教材系列 | |
| 单 册: | ||
| 中图分类: | O482.3 | |
| 科图分类: | ||
| 主题词: | 固体--gu ti--光学性质 | |
| 电子资源: | ||
| ISBN: | 978-7-03-023620-3 | |
| 000 | 01282nam 2200289 450 | |
| 001 | 012009479967 | |
| 005 | 20090811110640.57 | |
| 010 | @a978-7-03-023620-3@dCNY59.00 | |
| 100 | @a20090811d2009 em y0chiy0120 ea | |
| 101 | 0 | @aeng |
| 102 | @aCN@b110000 | |
| 105 | @aa a 001yy | |
| 106 | @ar | |
| 200 | 1 | @a固体的光学性质@Agu ti de guang xue xing zhi@d= Optical properties of solids@fM. Fox@zeng |
| 210 | @a北京@c科学出版社@d2009.01 | |
| 215 | @axiv, 305页@c图@d26cm | |
| 225 | 2 | @a牛津大学研究生教材系列@Aniu jin da xue yan jiu sheng jiao cai xi lie |
| 314 | @a责任者规范汉译姓 : 福克斯 | |
| 320 | @a有书目和索引 | |
| 330 | @a本书介绍了固体中光学性质的处理方法,介绍了多种材料(如晶体绝缘体.半导体,玻璃,金属以及分子材料)中光的吸收、反射、荧光和散射的基本原理,本书合理的应用了经典和量子的模型,并且用最近的实验数据解释了一些光学现象。本书最大的特点是包含了最近才发展起来的一些新的研究领域,之前的同类教材中都没有涉及这些领域,如半导体量子阱、有机半导体、电子振动固态激光以及非线性光学。 | |
| 410 | 0 | @12001 @a牛津大学研究生教材系列 |
| 510 | 1 | @aOptical properties of solids@zeng |
| 606 | 0 | @a固体@Agu ti@x光学性质 |
| 690 | @aO482.3@v4 | |
| 701 | 1 | @a福克斯@Afu ke si@g(Fox, Mark)@4著 |
| 801 | 0 | @aCN@bQSSK@c20090811 |
| 905 | @b750812-14@dO482.3@eF753@f3 | |
| 固体的光学性质= Optical properties of solids/M. Fox.-北京:科学出版社,2009.01 |
| xiv, 305页:图;26cm.-(牛津大学研究生教材系列) |
| ISBN 978-7-03-023620-3:CNY59.00 |
| 本书介绍了固体中光学性质的处理方法,介绍了多种材料(如晶体绝缘体.半导体,玻璃,金属以及分子材料)中光的吸收、反射、荧光和散射的基本原理,本书合理的应用了经典和量子的模型,并且用最近的实验数据解释了一些光学现象。本书最大的特点是包含了最近才发展起来的一些新的研究领域,之前的同类教材中都没有涉及这些领域,如半导体量子阱、有机半导体、电子振动固态激光以及非线性光学。 |
| ● |
| 相关链接 |
|
|
|
正题名:固体的光学性质
索取号:O482.3/F753
 
预约/预借
| 序号 | 登录号 | 条形码 | 馆藏地/架位号 | 状态 | 备注 |
| 1 | 750812 | 207508124 | 自科库401/401自科库 59排3列1层/ [索取号:O482.3/F753] | 在馆 | |
| 2 | 750813 | 207508133 | 自科库401/401自科库 59排3列1层/ [索取号:O482.3/F753] | 在馆 | |
| 3 | 750814 | 207508142 | 自科库401/401自科库 59排3列1层/ [索取号:O482.3/F753] | 在馆 |